DC Characters - Sudden Death - Statistics

General Stats
  • This quiz has been taken 267 times
    227 since last reset
  • The average score is 14 of 22
Answers on the Grid
Answers color-coded by a green-red scale on the quiz's grid according to % correct below.
Superman
Spider-Man
Thor
Shazam
Joker
Plastic Man
Captain America
Iron Man
Lex Luthor
Booster Gold
Batman
Ultron
Doctor Doom
Darkseid
Aquaman
Captain Marvel
Swamp Thing
Green Lantern
Martian Manhunter
Robin
Mister Fantastic
Cyborg
Loki
Thanos
Man-Thing
Zod
Doomsday
Wonder Woman
The Flash
Hulk
Hawkman
Blue Beetle
Deathstroke
Doctor Fate
Deadpool
Doctor Strange
 
Answer Stats
Answer % Correct
Superman
99%
Shazam
88%
Joker
82%
Batman
81%
Lex Luthor
81%
Aquaman
73%
Green Lantern
70%
Robin
70%
Cyborg
66%
Martian Manhunter
64%
Booster Gold
62%
Darkseid
62%
The Flash
60%
Plastic Man
58%
Wonder Woman
56%
Swamp Thing
54%
Blue Beetle
51%
Zod
50%
Hawkman
49%
Deathstroke
46%
Doomsday
44%
Doctor Fate
43%
No matching quizzes found
Score Distribution
Percent of People with Each Score
Percentile by Number Answered
Your Score History
You have not taken this quiz since the last reset